Central Library and Information Centre
Sibsagar Girls' College, Sivasagar : Assam

MICRO ECONOMIC THEORY (Record no. 20945)

MARC details
000 -LEADER
fixed length control field 00412cam a2200181ua 4500
008 - FIXED-LENGTH DATA ELEMENTS--GENERAL INFORMATION
fixed length control field 170322n II |||gr||||Z||||||eng
040 ## - CATALOGING SOURCE
Original cataloging agency MAIN
041 ## - LANGUAGE CODE
-- English
082 ## - DEWEY DECIMAL CLASSIFICATION NUMBER
Classification number 338.5 JHI
100 ## - MAIN ENTRY--PERSONAL NAME
Personal name JHINGAN, M.L.
245 ## - TITLE STATEMENT
Title MICRO ECONOMIC THEORY
250 ## - EDITION STATEMENT
Edition statement REP.
260 ## - PUBLICATION, DISTRIBUTION, ETC.
Place of publication, distribution, etc. DELHI
Name of publisher, distributor, etc. VRINDA PUBLICATION
Date of publication, distribution, etc. 2012.
300 ## - PHYSICAL DESCRIPTION
Extent 691:
Dimensions 24CM.
942 ## - ADDED ENTRY ELEMENTS (KOHA)
Koha item type Books
653 ## - INDEX TERM--UNCONTROLLED
Uncontrolled term Micro Economics
Holdings
Withdrawn status Lost status Damaged status Not for loan Collection code Home library Current library Shelving location Date acquired Total Checkouts Full call number Barcode Date last seen Date last checked out Copy number Price effective from Koha item type Public note
        TBECO Central Library and Information Centre Sibsagar Girls College Central Library and Information Centre Sibsagar Girls College ECONOMICS BOOK RACK 28.04.2015 5 338.5 JHI 32290 01.04.2025 26.03.2025 1 27.02.2020 Books V
        TBECO Central Library and Information Centre Sibsagar Girls College Central Library and Information Centre Sibsagar Girls College ECONOMICS BOOK RACK 28.04.2015 4 338.5 JHI 32291 04.06.2025 28.04.2025 2 27.02.2020 Books V


Sibsagar Girl's College © 2020. All rights reserved.
Powered by Koha.
Maintained by Abhijit Borpuzari.